000 00492nam a22001577a 4500
999 _c5983
_d5983
020 _a0749429690
050 _aHA40
_b.H19
100 _aTim Hannagan
245 _aThe effective use of statistics
_bA practical guide for managers
_cTim Hannagan
260 _aLondon
_bKogan Page
_c1999
300 _axiii,159p.
500 _aIncludes index
505 _a1. Statistical information for managers 2. Statistical analysis for managers Appendix
650 _aMathematics
_xStatistics
942 _cBK